Quiz Avion 2nde Guerre Mondiale - Statistiques

Statistiques générales
  • Ce quiz a été pris 96 fois
  • Le résultat moyen est 3 sur 17
Statistiques - réponses
Par images Réponse % Correct
P51
73%
P47
55%
D520
43%
F8F
38%
MIG 3
27%
Yak 9
27%
Do 335
24%
Seafire
13%
Hawker Typhoon
12%
VG 33
11%
A6M Zero
8%
BF 109 G6
6%
Su 2
4%
Fw 190 A1
2%
Morane 406
2%
Spitfire Mk 12
2%
Ki 43
1%
Aucun quiz correspondant
Distribution des résultats
% des personnes avec chaque résultat
Percentile par nombre de réponses
Votre historique - résultats
Vous n’avez pas pris ce quiz